[Event "Olimpiada Dresden 2008 Femenina"]
[Site "Dresden GER"]
[Date "2008.11.19"]
[Round "6.14"]
[White "Hansen, Evgenia"]
[Black "Skripchenko, Almira"]
[Result "0-1"]
[WhiteElo "2169"]
[BlackElo "2455"]
[PlyCount "86"]
[EventDate "2008.11.13"]
[EventType "team-tourn"]
[EventRounds "11"]
[EventCountry "GER"]
[Source "lmi"]
[SourceDate "2008.11.13"]
[WhiteTeam "Dinamarca"]
[BlackTeam "Francia"]
[WhiteTeamCountry "DEN"]
[BlackTeamCountry "FRA"]

1. d4 d6 2. Nf3 Nf6 3. g3 Nbd7 4. Bg2 e5 5. dxe5 dxe5 6. O-O Bc5 7. Nc3 c6 8.
Bg5 Qc7 9. Qd2 h6 10. Be3 Bb4 11. Qd3 O-O 12. Rad1 Ng4 13. a3 Nxe3 14. Qxe3 Be7
15. Qe4 Rb8 16. e3 Kh8 17. Qf5 g6 18. Qe4 f5 19. Qc4 Nc5 20. b4 Be6 21. Qe2 Nd7
22. Na4 a5 23. c3 b5 24. Nb2 c5 25. Rc1 Rfc8 26. Qd2 e4 27. Nh4 Kg7 28. Bh3 Ne5
29. f4 Bxh4 30. fxe5 Be7 31. bxa5 c4 32. Ra1 Rd8 33. Qe2 h5 34. a4 b4 35. Rfc1
Rdc8 36. Bf1 Qxe5 37. Nd1 Qxa5 38. cxb4 Bxb4 39. Rab1 c3 40. Qc2 Kh7 41. Bb5
Ba3 42. Nxc3 Bxc1 43. Rxc1 Rc7 0-1

[Event "Olimpiada Dresden 2008 Femenina"]
[Site "Dresden GER"]
[Date "2008.11.19"]
[Round "6.14"]
[White "Collas, Silvia"]
[Black "De Blecourt, Sandra"]
[Result "1-0"]
[WhiteElo "2352"]
[BlackElo "2078"]
[PlyCount "101"]
[EventDate "2008.11.13"]
[EventType "team-tourn"]
[EventRounds "11"]
[EventCountry "GER"]
[Source "lmi"]
[SourceDate "2008.11.13"]
[WhiteTeam "Francia"]
[BlackTeam "Dinamarca"]
[WhiteTeamCountry "FRA"]
[BlackTeamCountry "DEN"]

1. e4 c6 2. d4 d5 3. Nc3 dxe4 4. Nxe4 Bf5 5. Ng3 Bg6 6. h4 h6 7. Nf3 Nd7 8. h5
Bh7 9. Bd3 Bxd3 10. Qxd3 e6 11. Bf4 Qa5+ 12. Bd2 Bb4 13. c3 Be7 14. c4 Qc7 15.
O-O-O Ngf6 16. Kb1 O-O 17. Qc2 Rfd8 18. Bc1 Rac8 19. Ne2 c5 20. d5 exd5 21. g4
Nxg4 22. Rdg1 Ndf6 23. Nh4 d4 24. Nf4 Qd7 25. f3 d3 26. Qd2 Ne5 27. b3 Ne8 28.
Nd5 Bxh4 29. Rxh4 Qd6 30. Qg2 b5 31. Rf4 Rc6 32. Rf6 Qxf6 33. Nxf6+ Rxf6 34.
Bb2 Re6 35. cxb5 f6 36. Rd1 Rd7 37. f4 Nf7 38. Qh3 Red6 39. Qe3 Nc7 40. Qxc5
Ne6 41. Qe3 Nfd8 42. Bc3 Rd5 43. f5 Nc5 44. Qe8+ Kh7 45. Qg6+ Kg8 46. Re1 Rf7
47. Re8+ Rf8 48. Bxf6 Rd7 49. Be7 Rxe8 50. Qxe8+ Kh7 51. Bxc5 1-0

[Event "Olimpiada Dresden 2008 Femenina"]
[Site "Dresden GER"]
[Date "2008.11.19"]
[Round "6.14"]
[White "Fredericia, Louise"]
[Black "Milliet, Sophie"]
[Result "0-1"]
[WhiteElo "2095"]
[BlackElo "2366"]
[PlyCount "108"]
[EventDate "2008.11.13"]
[EventType "team-tourn"]
[EventRounds "11"]
[EventCountry "GER"]
[Source "lmi"]
[SourceDate "2008.11.13"]
[WhiteTeam "Dinamarca"]
[BlackTeam "Francia"]
[WhiteTeamCountry "DEN"]
[BlackTeamCountry "FRA"]

1. e4 c5 2. Nf3 e6 3. d3 Nc6 4. g3 d5 5. Nbd2 g6 6. Bg2 Bg7 7. O-O Nge7 8. Re1
O-O 9. h4 h6 10. c3 Qc7 11. Qe2 d4 12. e5 dxc3 13. bxc3 Rd8 14. Ne4 Nxe5 15.
Nxe5 Bxe5 16. Bxh6 Nd5 17. Rac1 Bg7 18. Bxg7 Kxg7 19. c4 Nb4 20. h5 Nxd3 21.
h6+ Kxh6 22. Qe3+ Kg7 23. Rcd1 Nxe1 24. Qc3+ Rd4 25. Rxe1 e5 26. f4 Bf5 27. Nf2
exf4 28. g4 Be6 29. Rb1 Rb8 30. g5 Qe5 31. Re1 Qxg5 32. Ne4 Qe5 33. Ng3 Qf6 34.
Ne2 Rxc4 35. Qf3 b6 36. Rf1 g5 37. Bh3 Re8 38. Rf2 Bxh3 39. Qxh3 Qe6 40. Qh5
Rh8 41. Qxg5+ Qg6 42. Qxg6+ fxg6 43. Nxf4 Re8 44. Kg2 Rd4 45. Rf3 Rd2+ 46. Kg3
Rxa2 47. Rd3 Kf7 48. Rf3 Re5 49. Rd3 c4 50. Rd7+ Re7 51. Rd6 c3 52. Nd5 c2 53.
Rf6+ Ke8 54. Rc6 Re1 0-1

[Event "Olimpiada Dresden 2008 Femenina"]
[Site "Dresden GER"]
[Date "2008.11.19"]
[Round "6.14"]
[White "Leconte, Maria"]
[Black "Frank-Nielsen, Marie"]
[Result "1-0"]
[WhiteElo "2349"]
[BlackElo "1971"]
[PlyCount "126"]
[EventDate "2008.11.13"]
[EventType "team-tourn"]
[EventRounds "11"]
[EventCountry "GER"]
[Source "lmi"]
[SourceDate "2008.11.13"]
[WhiteTeam "Francia"]
[BlackTeam "Dinamarca"]
[WhiteTeamCountry "FRA"]
[BlackTeamCountry "DEN"]

1. d4 Nf6 2. c4 g6 3. Nc3 Bg7 4. e4 d6 5. Nf3 O-O 6. Be2 e5 7. Be3 Ng4 8. Bg5
f6 9. Bh4 g5 10. Bg3 Nh6 11. c5 g4 12. Nh4 Nc6 13. dxe5 dxe5 14. Qxd8 Nxd8 15.
Nd5 Rf7 16. Ne3 Bf8 17. Nhf5 Nxf5 18. exf5 Kg7 19. Rc1 b6 20. Rc4 Bxc5 21.
Rxg4+ Kf8 22. O-O Nb7 23. Bc4 Rg7 24. Rh4 Bxe3 25. fxe3 Nd6 26. Bd3 Bb7 27. e4
Rd7 28. Bc2 c5 29. Be1 Kg7 30. Rg4+ Kf7 31. Rf3 Rg8 32. Rh4 Rg7 33. Re3 Kf8 34.
Rh6 Rgf7 35. Bh4 Kg7 36. Rh3 Nxe4 37. Rxh7+ Kf8 38. Rxf7+ Kxf7 39. Be1 Kg7 40.
Re3 Rd4 41. h3 b5 42. Rd3 b4 43. a3 a5 44. axb4 axb4 45. Rd1 Nd6 46. Bf2 Rxd1+
47. Bxd1 c4 48. Bc5 Nxf5 49. Bxb4 Bxg2 50. Kxg2 Ne3+ 51. Kf3 Nxd1 52. Ba3 c3
53. b3 f5 54. Ke2 Nb2 55. Bb4 c2 56. Bd2 f4 57. Bc1 Nd1 58. b4 Nc3+ 59. Kd2 f3
60. Ke3 e4 61. Kf2 Kg6 62. Bd2 Nd5 63. b5 e3+ 1-0

[Event "Olimpiada Dresden 2008 Femenina"]
[Site "Dresden GER"]
[Date "2008.11.19"]
[Round "6.16"]
[White "Calzetta, Monica"]
[Black "Tsiganova, Monika"]
[Result "1-0"]
[WhiteElo "2328"]
[BlackElo "2208"]
[PlyCount "183"]
[EventDate "2008.11.13"]
[EventType "team-tourn"]
[EventRounds "11"]
[EventCountry "GER"]
[Source "lmi"]
[SourceDate "2008.11.13"]
[WhiteTeam "España"]
[BlackTeam "Estonia"]
[WhiteTeamCountry "ESP"]
[BlackTeamCountry "EST"]

1. e4 e5 2. Nf3 Nc6 3. Bb5 a6 4. Ba4 Nf6 5. O-O Nxe4 6. Re1 Nc5 7. Bxc6 dxc6 8.
Nxe5 Be7 9. d4 Ne6 10. Be3 O-O 11. f4 f6 12. Nf3 Bd6 13. Qd2 f5 14. Nc3 Bd7 15.
Rad1 Qf6 16. d5 Nc5 17. Ne5 Rad8 18. Nxd7 Rxd7 19. dxc6 bxc6 20. Qe2 Re7 21.
Qc4+ Qf7 22. Qxf7+ Kxf7 23. Bxc5 Bxc5+ 24. Kf1 Rfe8 25. Rxe7+ Rxe7 26. Rd3 h6
27. Ne2 Re3 28. Rd7+ Re7 29. Rd3 Re3 30. Rd8 Re8 31. Rxe8 Kxe8 32. Nc1 Ke7 33.
Nd3 Bd4 34. c3 Be3 35. Ke2 Bg1 36. h3 Kd6 37. c4 a5 38. Kd2 Bd4 39. Kc2 a4 40.
b3 axb3+ 41. Kxb3 c5 42. a4 Kc6 43. Ne5+ Kb6 44. Ng6 Bf6 45. g4 fxg4 46. hxg4
Bd4 47. Ne7 Ka5 48. f5 Bf6 49. Nd5 Be5 50. Ka3 Ka6 51. Ne3 Bd4 52. Nc2 Be5 53.
Ne1 Bc3 54. Nd3 Kb6 55. Nc1 Bb4+ 56. Kb3 Bd2 57. Nd3 Be3 58. Ka3 Ka5 59. Kb3
Kb6 60. Kc2 Ka5 61. Kb3 Kb6 62. Ne1 Bd4 63. Nc2 Bf6 64. Na3 Be5 65. Nc2 Bf6 66.
Na3 Be5 67. Nb1 Ka5 68. Ka3 Kb6 69. Nd2 Bc3 70. Nb3 Bb4+ 71. Kb2 Be1 72. Kc2
Bh4 73. Kd3 Bf6 74. Ke4 c6 75. Kf4 Bc3 76. g5 hxg5+ 77. Kxg5 Bf6+ 78. Kg6 Bc3
79. Kf7 Bf6 80. Ke6 Bh4 81. a5+ Ka6 82. Kd6 Bf2 83. Kxc6 Be3 84. Kd5 Bf2 85.
Nxc5+ Kxa5 86. Ne6 Kb6 87. c5+ Kb7 88. c6+ Kc8 89. Nxg7 Bh4 90. Ne6 Bf6 91. Kd6
Bh4 92. Ke5 1-0

[Event "Olimpiada Dresden 2008 Femenina"]
[Site "Dresden GER"]
[Date "2008.11.19"]
[Round "6.16"]
[White "Gansvind, Valeriya I"]
[Black "Pares Vives, Natalia"]
[Result "0-1"]
[WhiteElo "2212"]
[BlackElo "2299"]
[PlyCount "148"]
[EventDate "2008.11.13"]
[EventType "team-tourn"]
[EventRounds "11"]
[EventCountry "GER"]
[Source "lmi"]
[SourceDate "2008.11.13"]
[WhiteTeam "Estonia"]
[BlackTeam "España"]
[WhiteTeamCountry "EST"]
[BlackTeamCountry "ESP"]

1. d4 Nf6 2. Bg5 e6 3. Nd2 h6 4. Bh4 c5 5. e3 cxd4 6. exd4 Be7 7. c3 O-O 8. h3
b6 9. Be2 Ba6 10. a4 Nd5 11. Bg3 f5 12. Bxb8 Bxe2 13. Nxe2 Qxb8 14. Nf3 Bd6 15.
Nc1 b5 16. a5 Qc7 17. Qb3 Nf4 18. g3 Qc6 19. Qd1 Nd5 20. O-O Qc7 21. Qe2 Nf6
22. Ne5 Bxe5 23. Qxe5 Qc6 24. Nd3 Ne4 25. Nb4 Qc4 26. Rfe1 d6 27. Qf4 Rae8 28.
Qe3 e5 29. dxe5 dxe5 30. Rad1 Nc5 31. Rd5 Ne4 32. Rd7 Qe6 33. Red1 Qg6 34. Qf3
f4 35. g4 Kh8 36. h4 Nf6 37. R7d6 Rf7 38. Rd8 Rff8 39. R8d6 Rf7 40. Rd8 e4 41.
Qxf4 Ng8 42. h5 Rxd8 43. Rxd8 Qe6 44. Rd6 Qe7 45. Qd2 e3 46. fxe3 Qe5 47. Rd4
Qg3+ 48. Qg2 Qxe3+ 49. Kh1 Qe1+ 50. Kh2 Rf2 51. Nd3 Rxg2+ 52. Kxg2 Qe2+ 53. Kg3
Nf6 54. a6 Kg8 55. Rd8+ Kf7 56. Rd4 Ke7 57. Nb4 Qxb2 58. Nc6+ Ke8 59. Rd8+ Kf7
60. Rd3 Qe2 61. Rf3 Qe1+ 62. Kh3 Qh1+ 63. Kg3 Qg1+ 64. Kh3 Qxg4+ 65. Kh2 Qxh5+
66. Kg2 Qg5+ 67. Kh2 Qd2+ 68. Kg1 Qe1+ 69. Kg2 Qe2+ 70. Kg3 Qe1+ 71. Kg2 g5 72.
Nxa7 g4 73. Rf2 Qxc3 74. Kg1 Qa1+ 0-1

[Event "Olimpiada Dresden 2008 Femenina"]
[Site "Dresden GER"]
[Date "2008.11.19"]
[Round "6.16"]
[White "Delgado Crespo, Mairelys"]
[Black "Bashkite, Viktoria"]
[Result "0-1"]
[WhiteElo "2277"]
[BlackElo "2129"]
[PlyCount "80"]
[EventDate "2008.11.13"]
[EventType "team-tourn"]
[EventRounds "11"]
[EventCountry "GER"]
[Source "lmi"]
[SourceDate "2008.11.13"]
[WhiteTeam "España"]
[BlackTeam "Estonia"]
[WhiteTeamCountry "ESP"]
[BlackTeamCountry "EST"]

1. e4 e5 2. Nf3 Nf6 3. Nxe5 d6 4. Nf3 Nxe4 5. Nc3 Nxc3 6. dxc3 Be7 7. Be3 Be6
8. Qd3 a6 9. Nd4 Qd7 10. O-O-O Nc6 11. Nxe6 Qxe6 12. Kb1 O-O 13. f4 Bf6 14. Bc1
Rad8 15. Qf3 g6 16. g4 Bg7 17. h4 f5 18. g5 d5 19. h5 Rfe8 20. Qh3 Na5 21. b3
c5 22. Bd2 c4 23. Bg2 cxb3 24. cxb3 Qb6 25. Qd3 d4 26. c4 Nc6 27. Bd5+ Kf8 28.
hxg6 hxg6 29. Rh7 Ne7 30. Bg2 Nc6 31. Qh3 Re3 32. Bxe3 dxe3 33. Rh8+ Ke7 34.
Rhxd8 Nxd8 35. Bd5 e2 36. Re1 Qf2 37. Qh1 Bc3 38. Bf3 Qxe1+ 39. Qxe1 Bxe1 40.
Bxe2 Bd2 0-1

[Event "Olimpiada Dresden 2008 Femenina"]
[Site "Dresden GER"]
[Date "2008.11.19"]
[Round "6.16"]
[White "Piarnpuu, Leili"]
[Black "Llaneza Vega, Patricia"]
[Result "0-1"]
[WhiteElo "2145"]
[BlackElo "2246"]
[PlyCount "80"]
[EventDate "2008.11.13"]
[EventType "team-tourn"]
[EventRounds "11"]
[EventCountry "GER"]
[Source "lmi"]
[SourceDate "2008.11.13"]
[WhiteTeam "Estonia"]
[BlackTeam "España"]
[WhiteTeamCountry "EST"]
[BlackTeamCountry "ESP"]

1. d4 Nf6 2. Nf3 g6 3. c4 Bg7 4. g3 O-O 5. Bg2 d6 6. O-O c6 7. Nc3 Qb6 8. h3
Qa6 9. Nd2 Be6 10. d5 Bd7 11. e4 Rc8 12. Re1 e5 13. Bf1 Qb6 14. Nf3 cxd5 15.
cxd5 Na6 16. Qe2 Nc5 17. Bg5 Na4 18. Nxa4 Bxa4 19. Rac1 Bd7 20. b3 Qa5 21. Bxf6
Bxf6 22. Qb2 Bg7 23. Nd2 Bh6 24. b4 Qd8 25. Rxc8 Rxc8 26. Nc4 Bxh3 27. Nxd6
Qxd6 28. Bxh3 Rc4 29. a3 Rd4 30. Re2 Qa6 31. Kh2 Qd3 32. Qc2 Qxa3 33. Qc8+ Bf8
34. Qxb7 Rxb4 35. Qc8 Qf3 36. Bg4 Qf6 37. Kg2 h5 38. Bh3 Rb3 39. Kh2 h4 40. Rd2
Qg5 0-1

[Event "Olimpiada Dresden 2008 Femenina"]
[Site "Dresden GER"]
[Date "2008.11.19"]
[Round "6.17"]
[White "Repkova, Eva"]
[Black "Leite, Catarina"]
[Result "1-0"]
[WhiteElo "2400"]
[BlackElo "2153"]
[PlyCount "106"]
[EventDate "2008.11.13"]
[EventType "team-tourn"]
[EventRounds "11"]
[EventCountry "GER"]
[Source "lmi"]
[SourceDate "2008.11.13"]
[WhiteTeam "Eslovaquia"]
[BlackTeam "Portugal"]
[WhiteTeamCountry "SVK"]
[BlackTeamCountry "POR"]

1. d4 Nf6 2. c4 e6 3. Nc3 Bb4 4. Qc2 d5 5. a3 Bxc3+ 6. Qxc3 Ne4 7. Qc2 c5 8.
dxc5 Nc6 9. e3 Qa5+ 10. Bd2 Qxc5 11. Rc1 Nxd2 12. Qxd2 d4 13. b4 dxe3 14. Qxe3
Qxe3+ 15. fxe3 Ke7 16. Nf3 Bd7 17. c5 Rhd8 18. Be2 f6 19. Kf2 e5 20. Rhd1 Be6
21. Nd2 f5 22. Nc4 e4 23. Nd6 b6 24. g4 fxg4 25. Nxe4 Rxd1 26. Rxd1 Ne5 27. Kg3
h5 28. Rc1 Bd5 29. Nc3 Bb7 30. Kf4 Nf3 31. e4 bxc5 32. bxc5 Nd4 33. Ke3 Nb3 34.
Rb1 Nxc5 35. Na4 Nxa4 36. Rxb7+ Kf6 37. e5+ Kg6 38. Bd3+ Kh6 39. Rc7 Re8 40.
Ke4 Nb2 41. Bb5 Rb8 42. Bd7 Kg5 43. e6 Kf6 44. Bc8 Nd1 45. Kd4 Rb2 46. Rf7+ Kg6
47. Ba6 Nf2 48. Rf8 Rd2+ 49. Ke3 Rd6 50. Bc4 Nd1+ 51. Ke4 Nc3+ 52. Ke5 Rd1 53.
Rf1 Rd6 1-0

[Event "Olimpiada Dresden 2008 Femenina"]
[Site "Dresden GER"]
[Date "2008.11.19"]
[Round "6.17"]
[White "Pintor, Ariana"]
[Black "Hagarova, Zuzana"]
[Result "1/2-1/2"]
[WhiteElo "2152"]
[BlackElo "2430"]
[PlyCount "111"]
[EventDate "2008.11.13"]
[EventType "team-tourn"]
[EventRounds "11"]
[EventCountry "GER"]
[Source "lmi"]
[SourceDate "2008.11.13"]
[WhiteTeam "Portugal"]
[BlackTeam "Eslovaquia"]
[WhiteTeamCountry "POR"]
[BlackTeamCountry "SVK"]

1. e4 c5 2. Nf3 d6 3. d4 cxd4 4. Nxd4 Nf6 5. Nc3 g6 6. g3 Nc6 7. Nde2 Rb8 8. a4
Bd7 9. Bg2 Qc8 10. h3 Bg7 11. Be3 O-O 12. Nd5 Re8 13. c3 b6 14. g4 Na5 15. Bd4
e5 16. Nxf6+ Bxf6 17. Be3 Be6 18. O-O Bg7 19. Ng3 Bb3 20. Qf3 Qe6 21. h4 Rbd8
22. Nf5 gxf5 23. exf5 e4 24. Qg3 Qd5 25. f3 exf3 26. Rxf3 Be5 27. Qh3 Bc2 28.
g5 Be4 29. g6 fxg6 30. fxg6 Qe6 31. gxh7+ Bxh7 32. Rg3+ Kh8 33. Bg5 Qxh3 34.
Rxh3 Rc8 35. Rf1 Rf8 36. Rhf3 Rxf3 37. Rxf3 Be4 38. Rf7 Bxg2 39. Kxg2 Nc4 40.
b3 Nb2 41. c4 Nd3 42. Rxa7 Rf8 43. Rb7 Bd4 44. Be7 Rf2+ 45. Kg3 Be5+ 46. Kg4
Rf4+ 47. Kg5 Rf7 48. Kg6 Rg7+ 49. Kf5 Kh7 50. Rc7 Nc5 51. Bd8 Nxb3 52. Rxg7+
Kxg7 53. Bxb6 Bc3 54. Ke6 Bb4 55. a5 Bxa5 56. Bxa5 1/2-1/2

[Event "Olimpiada Dresden 2008 Femenina"]
[Site "Dresden GER"]
[Date "2008.11.19"]
[Round "6.17"]
[White "Machalova, Maria"]
[Black "Baptista, Ana Filipa"]
[Result "1-0"]
[WhiteElo "2187"]
[BlackElo "2168"]
[PlyCount "87"]
[EventDate "2008.11.13"]
[EventType "team-tourn"]
[EventRounds "11"]
[EventCountry "GER"]
[Source "lmi"]
[SourceDate "2008.11.13"]
[WhiteTeam "Eslovaquia"]
[BlackTeam "Portugal"]
[WhiteTeamCountry "SVK"]
[BlackTeamCountry "POR"]

1. c4 Nf6 2. Nc3 e6 3. e4 d5 4. cxd5 exd5 5. e5 d4 6. exf6 dxc3 7. dxc3 Qxf6 8.
Nf3 Nc6 9. Bd3 Bf5 10. Bxf5 Qxf5 11. O-O Be7 12. Qb3 O-O-O 13. Be3 Kb8 14. a4
Qd5 15. Qb5 a6 16. Qxd5 Rxd5 17. b4 Bf6 18. c4 Rd3 19. Rab1 a5 20. bxa5 Nxa5
21. c5 Ra3 22. Rb4 Nc6 23. Re4 Rd8 24. g4 h6 25. Kg2 Rb3 26. h4 Rb4 27. Rxb4
Nxb4 28. g5 hxg5 29. hxg5 Be7 30. Rh1 Nc2 31. Bf4 Nd4 32. Nxd4 Rxd4 33. Rh8+
Rd8 34. Rxd8+ Bxd8 35. Kf3 Kc8 36. c6 b6 37. Ke4 Be7 38. Kd5 Kd8 39. f3 Kc8 40.
g6 fxg6 41. Ke6 Bf6 42. Be5 Bh4 43. Bxg7 Kb8 44. Be5 1-0

[Event "Olimpiada Dresden 2008 Femenina"]
[Site "Dresden GER"]
[Date "2008.11.19"]
[Round "6.17"]
[White "Coimbra, Margarida"]
[Black "Gregorova, Zuzana"]
[Result "0-1"]
[WhiteElo "2105"]
[BlackElo "2163"]
[PlyCount "82"]
[EventDate "2008.11.13"]
[EventType "team-tourn"]
[EventRounds "11"]
[EventCountry "GER"]
[Source "lmi"]
[SourceDate "2008.11.13"]
[WhiteTeam "Portugal"]
[BlackTeam "Eslovaquia"]
[WhiteTeamCountry "POR"]
[BlackTeamCountry "SVK"]

1. e4 e5 2. Nf3 Nc6 3. d4 exd4 4. Nxd4 Nf6 5. Nxc6 bxc6 6. e5 Ne4 7. Bc4 Nc5 8.
Qf3 Qe7 9. O-O g6 10. Be3 Ne6 11. Nc3 Bg7 12. Qg3 d5 13. Nxd5 cxd5 14. Bxd5 Rb8
15. Bxa7 Rxb2 16. Qc3 Qb4 17. Bc6+ Ke7 18. Qe3 Rd8 19. c3 Qc4 20. Bf3 Rbd2 21.
Rfc1 Kf8 22. a4 R2d3 23. Qe1 Rd2 24. h3 Ba6 25. Bg4 Nc5 26. Rab1 Ne6 27. Rb4
Qd5 28. Bxe6 Qxe6 29. Re4 Bb7 30. Re3 Bh6 31. Rg3 Bf4 32. Rg4 Qxe5 33. Rxf4
Qxf4 34. Be3 Qe4 35. Bh6+ Kg8 36. Qxe4 Bxe4 37. Bxd2 Rxd2 38. Ra1 Bd3 39. a5
Ba6 40. Ra4 Rc2 41. Ra3 Kg7 0-1

[Event "Olimpiada Dresden 2008 Femenina"]
[Site "Dresden GER"]
[Date "2008.11.19"]
[Round "6.18"]
[White "Topel, Zehra"]
[Black "Ortiz, Nadya Karolina"]
[Result "0-1"]
[WhiteElo "2214"]
[BlackElo "2230"]
[PlyCount "93"]
[EventDate "2008.11.13"]
[EventType "team-tourn"]
[EventRounds "11"]
[EventCountry "GER"]
[Source "lmi"]
[SourceDate "2008.11.13"]
[WhiteTeam "Turquía"]
[BlackTeam "Colombia"]
[WhiteTeamCountry "TUR"]
[BlackTeamCountry "COL"]

1. d4 Nf6 2. c4 c5 3. d5 b5 4. cxb5 a6 5. e3 axb5 6. Bxb5 Qa5+ 7. Nc3 Bb7 8.
Bd2 Qb6 9. Bc4 e6 10. Nge2 exd5 11. Qb3 Qxb3 12. Bxb3 Na6 13. O-O Be7 14. Nf4
c4 15. Bd1 Nc5 16. Bf3 Nce4 17. Rfd1 Rb8 18. Be1 Bb4 19. Rac1 Bc6 20. Ncxd5
Bxe1 21. Nxf6+ Nxf6 22. Rxe1 Rxb2 23. Bxc6 dxc6 24. Re2 Rb4 25. Rec2 Ra4 26.
Ne2 O-O 27. Nc3 Ra5 28. e4 Nd7 29. Rb1 Ne5 30. Kf1 Nd3 31. a4 f5 32. exf5 Raxf5
33. f3 Ra8 34. Re2 Nf4 35. Re7 Nd5 36. Nxd5 cxd5 37. Rbb7 Rg5 38. h4 Rg6 39. h5
Rh6 40. g4 g6 41. Re6 Rc8 42. Ke2 d4 43. Rd7 d3+ 44. Kd1 Rf8 45. a5 Rxf3 46. a6
gxh5 47. a7 0-1

[Event "Olimpiada Dresden 2008 Femenina"]
[Site "Dresden GER"]
[Date "2008.11.19"]
[Round "6.18"]
[White "Franco Valencia, Beatriz Irene"]
[Black "Bayrak, Asli"]
[Result "1-0"]
[WhiteElo "2172"]
[BlackElo "2005"]
[PlyCount "87"]
[EventDate "2008.11.13"]
[EventType "team-tourn"]
[EventRounds "11"]
[EventCountry "GER"]
[Source "lmi"]
[SourceDate "2008.11.13"]
[WhiteTeam "Colombia"]
[BlackTeam "Turquía"]
[WhiteTeamCountry "COL"]
[BlackTeamCountry "TUR"]

1. e4 e6 2. d3 d5 3. Nd2 c5 4. g3 Nc6 5. Bg2 g6 6. Ngf3 Bg7 7. O-O Nge7 8. Re1
O-O 9. h4 h6 10. Nh2 b6 11. Ndf1 Ba6 12. Ng4 Kh7 13. Qd2 Ng8 14. exd5 exd5 15.
Nfe3 Nce7 16. c4 f5 17. Nh2 d4 18. Nd5 Rb8 19. Qc2 b5 20. Nxe7 Nxe7 21. cxb5
Rxb5 22. a4 Rb6 23. Qxc5 Rf7 24. b4 Bxd3 25. Bf4 Ng8 26. Rad1 Bf8 27. Qd5 Rd7
28. Qb3 Be4 29. b5 Bxg2 30. Kxg2 Bg7 31. Nf3 Qa8 32. a5 Rbb7 33. Kg1 Qd8 34. a6
Rb6 35. Ne5 Rd5 36. Nc6 Qd7 37. Nxa7 Nf6 38. Rc1 Qxa7 39. Rc7 Qa8 40. Ree7
Rdxb5 41. Rxg7+ Kh8 42. Qf7 Rb1+ 43. Bc1 Rxc1+ 44. Rxc1 1-0

[Event "Olimpiada Dresden 2008 Femenina"]
[Site "Dresden GER"]
[Date "2008.11.19"]
[Round "6.19"]
[White "Sharevich, Anna"]
[Black "Mencos, Claudia"]
[Result "1/2-1/2"]
[WhiteElo "2322"]
[BlackElo "1914"]
[PlyCount "89"]
[EventDate "2008.11.13"]
[EventType "team-tourn"]
[EventRounds "11"]
[EventCountry "GER"]
[Source "lmi"]
[SourceDate "2008.11.13"]
[WhiteTeam "Bielorusia"]
[BlackTeam "Guatemala"]
[WhiteTeamCountry "BLR"]
[BlackTeamCountry "GUA"]

1. d4 d5 2. Nf3 Nf6 3. c4 c6 4. Nc3 dxc4 5. a4 Bf5 6. e3 e6 7. Bxc4 Bb4 8. O-O
O-O 9. Qe2 Bg6 10. Ne5 Nbd7 11. Nxg6 hxg6 12. Rd1 Qc7 13. e4 e5 14. d5 Rac8 15.
dxc6 bxc6 16. Bg5 Bc5 17. Be3 Rb8 18. b3 a5 19. Rac1 Qa7 20. Rd6 Qc7 21. Rdd1
Qa7 22. Bxc5 Nxc5 23. Qe3 Qe7 24. Rb1 Rb7 25. Rb2 Rfb8 26. Rdb1 Nfd7 27. g3 g5
28. Nd1 Ne6 29. Bxe6 Qxe6 30. Qxg5 Nc5 31. Qe3 Nxb3 32. Kg2 Rb4 33. Qc3 c5 34.
Ne3 c4 35. Nd5 Rxa4 36. Qe3 Rb7 37. Qg5 Rd7 38. h4 Rxd5 39. exd5 Qxd5+ 40. Kh2
Rb4 41. Qg4 Qd4 42. Qc8+ Kh7 43. Qf5+ Kg8 44. Qc8+ Kh7 45. Qf5+ 1/2-1/2

[Event "Olimpiada Dresden 2008 Femenina"]
[Site "Dresden GER"]
[Date "2008.11.19"]
[Round "6.19"]
[White "Castillo, Dina"]
[Black "Popova, Natalija"]
[Result "0-1"]
[WhiteElo "2041"]
[BlackElo "2264"]
[PlyCount "91"]
[EventDate "2008.11.13"]
[EventType "team-tourn"]
[EventRounds "11"]
[EventCountry "GER"]
[Source "lmi"]
[SourceDate "2008.11.13"]
[WhiteTeam "Guatemala"]
[BlackTeam "Bielorusia"]
[WhiteTeamCountry "GUA"]
[BlackTeamCountry "BLR"]

1. Nf3 Nf6 2. g3 d5 3. Bg2 c5 4. c4 e6 5. O-O Nc6 6. cxd5 Nxd5 7. d4 Be7 8.
dxc5 Bxc5 9. a3 a6 10. Qc2 Ba7 11. Rd1 Qe7 12. b4 O-O 13. Nc3 Nxc3 14. Qxc3 e5
15. Bb2 f6 16. e3 Be6 17. Rac1 Rac8 18. Qe1 Rfd8 19. Rxd8+ Rxd8 20. Rd1 e4 21.
Rxd8+ Qxd8 22. Nd2 f5 23. Qc1 Bb8 24. Bf1 Be5 25. b5 axb5 26. Bxb5 Qd6 27. Be2
Bxb2 28. Qxb2 Ne5 29. h4 b6 30. Qc3 Kf7 31. a4 Ke7 32. a5 bxa5 33. Qxa5 g6 34.
Qc3 h5 35. Nb1 Kf6 36. Na3 Qc6 37. Qb2 Qc5 38. Kg2 Kf7 39. Qb7+ Qe7 40. Qa6 Bd5
41. Nb5 Nd3 42. Nd6+ Kg8 43. Qc8+ Kh7 44. Nb5 Qb7 45. Qxb7+ Bxb7 46. Nd4 0-1

[Event "Olimpiada Dresden 2008 Femenina"]
[Site "Dresden GER"]
[Date "2008.11.19"]
[Round "6.19"]
[White "Azarova, Nadezhda"]
[Black "Mazariegos, Silvia Carolina"]
[Result "1/2-1/2"]
[WhiteElo "2308"]
[BlackElo "1962"]
[PlyCount "131"]
[EventDate "2008.11.13"]
[EventType "team-tourn"]
[EventRounds "11"]
[EventCountry "GER"]
[Source "lmi"]
[SourceDate "2008.11.13"]
[WhiteTeam "Bielorusia"]
[BlackTeam "Guatemala"]
[WhiteTeamCountry "BLR"]
[BlackTeamCountry "GUA"]

1. d4 Nf6 2. c4 g6 3. Nc3 Bg7 4. e4 d6 5. Be2 O-O 6. Nf3 e5 7. O-O Nbd7 8. Qc2
Nh5 9. Rd1 Nf4 10. Bf1 c5 11. d5 Nf6 12. Ne1 Ne8 13. g3 Nh5 14. Qe2 Nhf6 15.
Nd3 Nc7 16. Bg2 Bd7 17. b4 cxb4 18. Nxb4 a5 19. Nd3 b5 20. cxb5 Nxb5 21. Nxb5
Bxb5 22. Ba3 Qd7 23. Rab1 Rfc8 24. Qd2 Rc4 25. f3 Bf8 26. Bf1 Ba6 27. Qe3 Rc2
28. Rb2 Rxb2 29. Nxb2 Bxf1 30. Rxf1 Qb5 31. Rc1 Nd7 32. Qd3 Qb6+ 33. Kg2 Nc5
34. Qe3 Qb5 35. Rc2 Rc8 36. Qc3 Rc7 37. Qc4 Qb7 38. Qe2 Na6 39. Rxc7 Nxc7 40.
Nc4 Qb5 41. Qc2 Qa6 42. Qa4 f5 43. Qc6 Qxc6 44. dxc6 d5 45. Bxf8 Kxf8 46. exd5
Nxd5 47. Nxa5 Ke7 48. Nc4 Ke6 49. Kf2 Nc7 50. Nb6 Kd6 51. Nd7 Nd5 52. g4 fxg4
53. fxg4 e4 54. Nf8 Kxc6 55. Nxh7 Kc5 56. Nf8 e3+ 57. Kf3 g5 58. Ne6+ Kc4 59.
Ke2 Nf4+ 60. Nxf4 gxf4 61. g5 Kd4 62. g6 f3+ 63. Kxf3 Kd3 64. g7 e2 65. g8=Q
e1=Q 66. Qd5+ 1/2-1/2

[Event "Olimpiada Dresden 2008 Femenina"]
[Site "Dresden GER"]
[Date "2008.11.19"]
[Round "6.19"]
[White "Figueroa, Julissa"]
[Black "Berlin, Tatiana"]
[Result "0-1"]
[WhiteElo "1761"]
[BlackElo "2218"]
[PlyCount "89"]
[EventDate "2008.11.13"]
[EventType "team-tourn"]
[EventRounds "11"]
[EventCountry "GER"]
[Source "lmi"]
[SourceDate "2008.11.13"]
[WhiteTeam "Guatemala"]
[BlackTeam "Bielorusia"]
[WhiteTeamCountry "GUA"]
[BlackTeamCountry "BLR"]

1. d4 d5 2. Nf3 Nc6 3. c3 Bg4 4. Qb3 Rb8 5. Nbd2 e6 6. g3 Nf6 7. Bg2 Be7 8. O-O
O-O 9. Re1 b5 10. a3 Na5 11. Qd1 Nc4 12. Nxc4 Bxf3 13. Ne5 Bxg2 14. Kxg2 Rb6
15. Bg5 Ne4 16. Bxe7 Qxe7 17. f3 Nd6 18. Nd3 f5 19. e3 Rfb8 20. Qe2 Qe8 21.
Rac1 a5 22. Rc2 c6 23. Kg1 R6b7 24. Qg2 g5 25. Rce2 Rg7 26. Nf2 Qf7 27. e4 dxe4
28. fxe4 f4 29. Ng4 Kh8 30. Ne5 Qc7 31. Qh3 Nc4 32. Nxc4 bxc4 33. Qxe6 fxg3 34.
e5 gxh2+ 35. Rxh2 Rf8 36. Qxc4 Rgf7 37. Rg2 g4 38. e6 Qe7 39. Qxc6 Rf4 40. Qd5
R4f5 41. Qe4 Qf6 42. Qxg4 Rf4 43. Qg5 Qxg5 44. Rxg5 h6 45. Rg3 0-1